000 00578nam a2200193 4500
001 120836
003 ES-MaACL
007 t|
008 070214s1983 sp r ||||1| spa d
100 1 _aPrat, Ignacio.
_993662
245 1 0 _aPara ti
_b: 1963 - 1981 /
_cIgnacio Prat ; edición de José Luis Jover.
260 _aValencia :
_bPre-Textos,
_c1983.
300 _a174 p. ;
_c19 cm.
490 1 _aPoesía ;
_v54
700 0 _aJover, José Luis,
_d1946-
_967060
830 0 _aPoesía ;
_v54
_9177794
852 _aES-MaACL
_jL-4883
_bR.105552
999 _c120836
_d120836